THE JOURNAL OF BIOCHEMISTRY (Record no. 19640)

MARC details
000 -LEADER
fixed length control field 00207nam a22000977a 4500
003 - CONTROL NUMBER IDENTIFIER
control field SGT
245 ## - TITLE STATEMENT
Title THE JOURNAL OF BIOCHEMISTRY
260 ## - PUBLICATION, DISTRIBUTION, ETC. (IMPRINT)
Place of publication, distribution, etc OXFORD
Name of publisher, distributor, etc UNIVERSITY PRESS
Year of Publication 2014
300 ## - PAGE DESCRIPTION
No. of Pages 400
942 ## - ADDED ENTRY ELEMENTS (KOHA)
Source of classification or shelving scheme Dewey Decimal Classification
Koha item type Back Volumes
Holdings
Withdrawn status Lost status Source of classification or shelving scheme Damaged status Not for loan Collection code Home library Current library Shelving location Date acquired Volume Information (Serial or Books or Non-Book Material) SGTU Total Checkouts Accession No. (Barcode) Date last seen Bill Date Koha item type
    Dewey Decimal Classification   Not For Loan MEDICAL SGT Medical Library SGT Medical Library Reference Book 30/12/2019 2014, VOL- 155 SGTU   PM626 30/12/2019 30/12/2019 Back Volumes
    Dewey Decimal Classification   Not For Loan MEDICAL SGT Medical Library SGT Medical Library Reference Book 30/12/2019 2014, VOL- 156 SGTU   PM627 30/12/2019 30/12/2019 Back Volumes
    Dewey Decimal Classification   Not For Loan MEDICAL SGT Medical Library SGT Medical Library Reference Book 30/12/2019 2015, VOL- 157 SGTU   PM628 30/12/2019 30/12/2019 Back Volumes
    Dewey Decimal Classification   Not For Loan MEDICAL SGT Medical Library SGT Medical Library Reference Book 30/12/2019 2015, VOL- 158 SGTU   PM629 30/12/2019 30/12/2019 Back Volumes